000 01057nam a22003137a 4500
001 BR2010001229
003 BR-BrBNA
005 20230928103213.0
007 ta
008 230509b bl.||||| |||| 00| 0 por d
040 _aBR-BrBNA
_bpor
_cBiblioteca Nacional de Agricultura
041 _a(Por)
072 _aL01; Q04
_b9410
090 _ 9410 BR2010001229
100 1 _aLima, L.L.
110 1 _aUniversidade Federal de Minas Gerais, Belo Horizonte (Brasil). Escola de Veterinária
_0Tese (Mestre em Medicina Veterinária)
245 1 _aCaracterísticas de produção e qualidade do leite cru captado por usinas de leite na Zona da Mata de Minas Gerais
260 3 _aBelo Horizonte, MG (Brasil):
_c2007.
300 _a52 p.
500 _aSummaries (Eng, Por); Bibliography p. 43-48; 7 tables; 23 illus.
650 _aLEITE
650 _aPRODUÇÃO LEITEIRA
650 _aANÁLISE QUÍMICA
650 _aINFECÇÃO SANITÁRIA
650 _aRESFRIAMENTO
650 _aMINAS GERAIS
909 _a202309
_bLucia
_c55
_dLucia Elande
942 _cBK
999 _c74126
_d74126